000 00813nam a22001937a 4500
003 BD-DhUL
005 20160905173626.0
008 160905s2009 ii ||||| |||| 00| 0 eng d
040 _cBD-DhUL
_dBD-DhUL
082 _a954.01
_bDIS
100 _aদীনেশচন্দ্র সরকার
245 1 0 _aশিলালেখ-তাম্রশাসনাদির প্রসঙ্গ /
_cদীনেশচন্দ্র সরকার
250 _aসংশোধিত ও সংযোজিত নতুন
260 _aকলকাতা :
_bসাহিত্যলোক,
_c২০০৯.
300 _a[৪], ২৫১ পৃ., [১৩] পাতা প্লেট ;
_c২৩ সেমি
651 _aভারত - ইতিহাস
651 _aIndia - History
942 _2ddc
_cBK
999 _c104275
_d104275